Bigflo et Oli - Chansons les plus écoutées - Statistiques

Statistiques générales
  • Ce quiz a été pris 799 fois
  • Le résultat moyen est 10 sur 20
Statistiques - réponses
Feat Chanson Vues % Correct
1 Dommage 268 857 678
97%
2 Jean Dujardin Pour un Pote 75 299 019
85%
6 Notre Père Fabian Papa 39 037 500
84%
5 Petit Biscuit Demain 42 105 260
76%
15 Julien Doré Coup de Vieux 26 157 666
75%
11 Sur la Lune 30 929 524
63%
19 Soprano, Black M C'est que du rap 19 204 852
54%
4 Nous Aussi 44 066 997
49%
13 Nous Aussi 2 28 393 978
49%
3 Plus Tard 50 180 002
44%
7 Alors Alors 39 032 668
43%
8 Gangsta 36 532 537
39%
10 Comme d'hab 31 250 451
37%
9 La Vraie Vie 31 615 128
37%
12 Aujourd'hui 28 893 899
30%
16 Personne 22 757 007
30%
17 Insolent 21 011 287
28%
14 Monsieur Tout le Monde 26 612 424
28%
18 Du Disque dur au Disque d'or 19 723 803
11%
20 Jeunesse Influençable 17 167 183
9%
Aucun quiz correspondant
Distribution des résultats
% des personnes avec chaque résultat
Percentile par nombre de réponses
Votre historique - résultats
Vous n’avez pas pris ce quiz